Normale Ansicht MARC-Ansicht ISBD

Täter mit gutem Gewissen : (Titelsatznr. 13980)

[ MARC ]
MARC-Details
000 -Satzkennung
Kontrollfeld mit fester Länge 00642nam a22001931c 4500
001 - Kontrollnummer
Kontrollfeld 00121102599
008 - Feld mit fester Länge zur physischen Beschreibung - Allgemeine Angaben
Kontrollfeld mit fester Länge 050919s1998 gw |||| 000u ger d
020 ## - Internationale Standardbuchnummer
Internationale Standardbuchnummer 3412043982
Verknüpfung 3-412-04398-2
041 ## - Sprachcode
Sprachcode des Textes/der Tonspur oder des separaten Titels ger
040 ## - Katalogisierungsquelle
Übertragungsstelle RU-10907106
003 - Kontrollnummer Identifier
Kontrollfeld RU-10907106
100 1# - Haupteintragung - Personenname
Personenname Fritze, Lothar
245 00 - Titel
Titel Täter mit gutem Gewissen :
Zusatz zum Titel über menschliches Versagen im diktatorischen Sozialismus /
Verfasserangabe etc. Lothar Fritze
264 ## - Produktion, Veröffentlichung, Distribution, Herstellung und Urheberrechtsvermerk
Herstellungs-, Veröffentlichungs- Vertriebs-, Erzeugungsort Köln ; Weimar :
Produzent, Herausgeber, Distributor, Hersteller Böhlau,
Datum der Herstellung, der Veröffentlichung, des Vertriebs oder des Urheberschutzvermerks 1998
300 ## - Physische Beschreibung
Umfang 436 S.
490 #0 - Gesamttitelangabe
Gesamttitelangabe Schriften des Hannah-Arendt-Instituts für Totalitarismusforschung
Bandnummer/Folgebezeichnung 6
710 2# - Nebeneintragung - Körperschaftsname
Körperschafts- oder Gebietskörperschaftsname als Eintragungselement Hannah-Arendt-Institut für Totalitarismusforschung
942 ## - Zusätzliche Felder (Koha)
Koha-Medientyp Monographien
Exemplare
Ausgeschieden Verloren Klassifikation oder Aufstellungssystematik Beschädigt Nicht entleihbar Heimatbibliothek Aufenthaltsbibliothek Aufstellungsort Erwerbungsdatum Inventarnummer Signatur Barcode Letzte Aktivität Preis gültig von Koha-Medientyp
    Andere/Generische Klassifikation     MWN Osteuropa MWN Osteuropa Lesesaal - 1 19/09/2005 07-05949 D 54 k Fri E004015079083155 22/02/2021 22/03/2021 Monographien